| 000 | 00463nam a22001697a 4500 | ||
|---|---|---|---|
| 999 |
_c5937 _d5937 |
||
| 003 | GBCCL | ||
| 005 | 20241126110552.0 | ||
| 008 | 180418b ||||| |||| 00| 0 eng d | ||
| 040 | _cgbc | ||
| 082 |
_a251 _bMCW |
||
| 100 |
_aMcWilliams, Charles _910745 |
||
| 245 |
_aYe visited me / _cCharles McWilliams |
||
| 260 |
_aNashville: _bSouthern Publishing Association, _c1956 |
||
| 300 |
_a128 p.; _bill., _c18 cm. |
||
| 650 |
_aLay Preaching _910746 |
||
| 942 |
_2ddc _cBK _01 |
||